Danish Premier League scorers Quiz Stats

 Plays Quiz not verified by Sporcle

Support Sporcle.
Go Orange.
Score 0/36 Timer 10:00
0 Plays Today
Club (Goals) Player % Correct
Tottenham (51)Christian Eriksen
91.5%
Arsenal, Sunderland (32)Nicklas Bendtner
69.7%
Liverpool (9)Daniel Agger
68%
Man Utd, Aston Villa, Man City (1)Peter Schmeichel
56.1%
Arsenal (1)John Jensen
45.9%
Charlton, Fulham (20)Claus Jensen
45.6%
Man City, Fulham (1)Niclas Jensen
44.4%
Southampton, Tottenham (5)*Pierre-Emile Hojbjerg
39.5%
Chelsea, Birmingham (7)Jesper Gronkjaer
38.7%
Everton (11)Thomas Gravesen
36.5%
Fulham (1)*Joachim Andersen
33.9%
Newcastle (3)Jon Dahl Tomasson
33%
Huddersfield, Bournemouth (3)Philip Billing
32.6%
Southampton (4)*Jannik Vestergaard
31.5%
Bolton (22)Henrik Pedersen
28.8%
Blackburn (1)Per Pedersen
28.2%
Liverpool (7)Jan Molby
28.1%
Aston Villa (8)Martin Laursen
27.9%
Club (Goals) Player % Correct
Derby, Leicester (3)Jacob Laursen
27.3%
Huddersfield (3)Zanka
21.5%
Charlton (4)Dennis Rommedahl
20.5%
Middlesbrough, Derby (12)Mikkel Beck
19.3%
Tottenham (12)Allan Nielsen
18.6%
Bolton (8)Per Frandsen
15.1%
Newcastle (9)Peter Lovenkrands
14.7%
Chelsea, Fulham (6)Bjarne Goldbaek
11.1%
Bolton (1)Michael Johansen
10.2%
Cardiff (1)Kenneth Zohore
10.1%
Bolton (1)Bo Hansen
9.5%
Aston Villa (1)Jores Okore
7.8%
West Ham (5)Marc Rieper
6.5%
Ipswich, Everton (6)Claus Thomsen
6.5%
Ipswich, West Brom (1)Thomas Gaardsoe
5.9%
West Brom (1)Martin Albrechtsen
5.8%
Chelsea (2)Jakob Kjeldbjerg
3.4%
Southampton (5)Ronnie Ekelund
2.7%

You're not logged in!

Compare scores with friends on all Sporcle quizzes.
OR
Log In

From the Vault

One Per Category: 2000s Sports

by Hejman

We're pretty sure some of these sports were played before the 2000s.
Remove Ads.
Support Sporcle.
Get the best of Sporcle when you Go Orange. This ad-free experience offers more features, more stats, and more fun while also helping to support Sporcle. Thank you for becoming a member.

Show Comments

Extras

Top Quizzes Today


Score Distribution

Your Account Isn't Verified!

In order to create a playlist on Sporcle, you need to verify the email address you used during registration. Go to your Sporcle Settings to finish the process.

Report this User

Report this user for behavior that violates our Community Guidelines.

Details: